000 00516nam a2200169Ia 4500
003 GCL
008 140319s9999 xx 000 0 ara d
040 _aGCL /
_cGCL
082 0 4 _aط
_b813.087
_bأ ع
100 1 _aابراهيم المعلم
245 1 0 _aعبداللة البرى وعبداللة البحرى /
_cابراهيم المعلم
490 _aالف ليلة وليلة
_v0
650 0 4 _aالاطفال
650 0 4 _aقصص الاطفال
650 0 4 _aقصص المغامرات
942 _2ddc
_cBK
999 _c51445
_d51445